Library Banner

Dictionary of economics (Record no. 24116)

MARC details
000 -LEADER
fixed length control field 00412nam a2200169Ia 4500
001 - CONTROL NUMBER
control field 23903
008 - FIXED-LENGTH DATA ELEMENTS--GENERAL INFORMATION
fixed length control field 140410s9999 xx 000 0 und d
020 ## - INTERNATIONAL STANDARD BOOK NUMBER
International Standard Book Number 0-273-60034-6
040 ## - CATALOGING SOURCE
Transcribing agency PK-LaUMT
082 ## - DEWEY DECIMAL CLASSIFICATION NUMBER
Classification number R 330.03
Item number LIV-D
100 ## - MAIN ENTRY--PERSONAL NAME
Personal name Frank Livesey
245 ## - TITLE STATEMENT
Title Dictionary of economics
Statement of responsibility, etc Frank Livesey
260 ## - PUBLICATION, DISTRIBUTION, ETC. (IMPRINT)
Place of publication, distribution, etc London,UK:
Name of publisher, distributor, etc Pitman Publishing,
Date of publication, distribution, etc 1994
300 ## - PHYSICAL DESCRIPTION
Extent 233 p.
546 ## - LANGUAGE NOTE
Language note EN
942 ## - ADDED ENTRY ELEMENTS (KOHA)
Koha item type Books
Holdings
Withdrawn status Lost status Source of classification or shelving scheme Damaged status Not for loan Home library Current library Date acquired Total Checkouts Full call number Barcode Date last seen Price effective from Koha item type
Withdrawn   Dewey Decimal Classification Damaged Not For Loan UMT Main Campus UMT Main Campus 2014-04-10   R 330.03 LIV-D 27787 2014-04-24 2014-04-24 Books